Statistics for Geography Chain Game

Click here to take the quiz!

General Stats

  • This quiz has been taken 459 times
  • The average score is 21 of 25

Answer Stats

HintAnswer% Correct
Copenhagen is it's capital cityDenmark
97%
American States; North and South ______Dakota
96%
You can find Mt. Everest in this countryNepal
96%
Largest Country in AfricaAlgeria
94%
One of the four nations of the UKEngland
94%
A large body of fresh waterLake
92%
The better of the two KoreasSouth Korea
92%
Nickname for New York City "The Big _______"Apple
90%
Largest Mediterannean IslandSicily
90%
City where you might find the AcropolisAthens
89%
World's Longest Mountain RangeAndes
88%
Capital City of PakistanIslamabad
88%
European Micro-NationAndorra
83%
Natives of New ZealandMaori
83%
Middle-Eastern NationYemen
83%
Small country bordering MalaysiaSingapore
81%
German-Derived Language Used by European JewsYiddish
81%
Capital city of TurkeyAnkara
80%
European Country That Sounds Like an English WordHungary
79%
Dutch speaking nation of South AmericaSuriname
79%
One of the many countries with "Guinea" in it's nameEquatorial Guinea
74%
Big African nationEthiopia
70%
Florida wetlands and national parkEverglades
69%
Major river flowing through GermanyElbe
64%
Nation where people speak Dutch (proper name)Netherlands
46%

Score Distribution

Percentile by Number Answered

Percent of People with Each Score

Your Score History

You have not taken this quiz